[Event "GER-ch NSV Online 1st"]
[Site "Playchess.com INT"]
[Date "2020.04.26"]
[Round "1"]
[White "Arntz, Christoph"]
[Black "Loehnhardt, Benjamin"]
[Result "0-1"]
[WhiteElo "1892"]
[BlackElo "2024"]
[PlyCount "106"]
[EventDate "2020.04.26"]
[EventType "swiss (blitz)"]
[EventRounds "13"]
[EventCountry "GER"]
[SourceTitle "CBM 196 Extra"]
[Source "ChessBase"]
[SourceDate "2020.07.31"]
[SourceVersion "1"]
[SourceVersionDate "2020.07.31"]
[SourceQuality "1"]

1. f4 d5 2. Nf3 c5 3. e3 Nc6 4. d4 Nf6 5. c3 Bg4 6. Bd3 e6 7. Nbd2 Be7 8. 0-0 Rc8 9. h3 Bh5 10. Qe1 Bg6 11. Bxg6 hxg6 12. Ne5 Qb6 13. Qf2 a6 14. Qf3 Qc7 15. g4 b5 16. Kg2 b4 17. g5 Nh5 18. Nb3 c4 19. Nd2 bxc3 20. bxc3 Rb8 21. e4 dxe4 22. Nxe4 0-0 23. Be3 Na7 24. Rf2 Nb5 25. Rc1 Nd6 26. Nxd6 Bxd6 27. Rcc2 Rb1 28. Rb2 Rb8 29. Rxb1 Rxb1 30. h4 Bxe5 31. fxe5 Qb7 32. Qxb7 Rxb7 33. Rc2 Kf8 34. Kf3 Ke7 35. Bc1 Kd7 36. Ba3 Kc6 37. Bf8 Kd5 38. Ba3 Rb1 39. Bc1 a5 40. a3 a4 41. Be3 Rf1+ 42. Kg2 Rb1 43. Bc1 Nf4+ 44. Bxf4 Ke4 45. Bg3 Kd3 46. Rf2 Kxc3 47. Rxf7 Kxd4 48. Rxg7 c3 49. Rxg6 c2 50. Rxe6 c1Q 51. Rd6+ Ke4 52. e6 Qh1+ 53. Kf2 Rb2+ 0-1

[Event "GER-ch NSV Online 1st"]
[Site "Playchess.com INT"]
[Date "2020.04.26"]
[Round "10"]
[White "Graf, Lucas"]
[Black "Loehnhardt, Benjamin"]
[Result "1-0"]
[WhiteElo "1984"]
[BlackElo "2024"]
[PlyCount "119"]
[EventDate "2020.04.26"]
[EventType "swiss (blitz)"]
[EventRounds "13"]
[EventCountry "GER"]
[SourceTitle "CBM 196 Extra"]
[Source "ChessBase"]
[SourceDate "2020.07.31"]
[SourceVersion "1"]
[SourceVersionDate "2020.07.31"]
[SourceQuality "1"]

1. Nf3 d5 2. g3 c5 3. Bg2 Nc6 4. d4 cxd4 5. Nxd4 Nf6 6. 0-0 Qb6 7. Nb3 e6 8. Be3 Qc7 9. Nc3 Be7 10. Nb5 Qd8 11. N5d4 Bd7 12. Nxc6 bxc6 13. Bc5 0-0 14. Qd4 Bxc5 15. Nxc5 Qb6 16. Qc3 Rfd8 17. Rab1 Be8 18. b4 Nd7 19. Nd3 Rab8 20. e4 Rdc8 21. Rb3 h6 22. Rfb1 Nf6 23. Qe1 Qd4 24. e5 Nd7 25. Qc3 Qb6 26. a4 Qc7 27. f4 Qd8 28. Nc5 Nxc5 29. Qxc5 Qb6 30. Kf2 Rb7 31. Ke1 Rcb8 32. Kd2 Qxc5 33. bxc5 Rxb3 34. cxb3 Kf8 35. Kc3 Ke7 36. b4 Kd8 37. Bf1 Kc7 38. Bd3 Rc8 39. b5 cxb5 40. axb5 Rb8 41. Ra1 Rb7 42. Ra5 Kb8 43. Kd4 Rc7 44. c6 f6 45. Kc5 Kc8 46. Kd6 Kd8 47. Kxe6 Bf7+ 48. Kd6 fxe5 49. fxe5 Re7 50. Bf5 g6 51. Bg4 h5 52. Bh3 g5 53. e6 g4 54. exf7 Rxf7 55. Bg2 Rf2 56. Bxd5 Rf6+ 57. Kc5 Rf2 58. Rxa7 Rxh2 59. Kd6 Ke8 60. Ra8# 1-0

[Event "GER-ch NSV Online 1st"]
[Site "Playchess.com INT"]
[Date "2020.04.26"]
[Round "11"]
[White "Loehnhardt, Benjamin"]
[Black "Raimann, Max Guenter"]
[Result "0-1"]
[WhiteElo "2024"]
[BlackElo "2067"]
[PlyCount "62"]
[EventDate "2020.04.26"]
[EventType "swiss (blitz)"]
[EventRounds "13"]
[EventCountry "GER"]
[SourceTitle "CBM 196 Extra"]
[Source "ChessBase"]
[SourceDate "2020.07.31"]
[SourceVersion "1"]
[SourceVersionDate "2020.07.31"]
[SourceQuality "1"]

1. e4 c5 2. Nf3 g6 3. Nc3 Bg7 4. Be2 Nf6 5. d3 0-0 6. 0-0 d5 7. exd5 Nxd5 8. Nxd5 Qxd5 9. c3 Nc6 10. Be3 Rd8 11. Qc2 b6 12. Rad1 Qxa2 13. Ng5 h6 14. Ra1 Qd5 15. Bf3 Qd7 16. Qa4 Bb7 17. Nh3 Ne5 18. Bxb7 Qxb7 19. d4 cxd4 20. Bxd4 Nc6 21. Bxg7 Kxg7 22. Rfd1 Ne5 23. Nf4 b5 24. Qb3 e6 25. h4 Qe4 26. Nh3 Qxh4 27. Qxb5 Qf6 28. Qb7 g5 29. Kf1 Rab8 30. Qxa7 Rxb2 31. Ra2 Rxd1# 0-1

[Event "GER-ch NSV Online 1st"]
[Site "Playchess.com INT"]
[Date "2020.04.26"]
[Round "5"]
[White "Rachut, Steffen"]
[Black "Loehnhardt, Benjamin"]
[Result "1/2-1/2"]
[WhiteElo "2118"]
[BlackElo "2024"]
[PlyCount "34"]
[EventDate "2020.04.26"]
[EventType "swiss (blitz)"]
[EventRounds "13"]
[EventCountry "GER"]
[SourceTitle "CBM 196 Extra"]
[Source "ChessBase"]
[SourceDate "2020.07.31"]
[SourceVersion "1"]
[SourceVersionDate "2020.07.31"]
[SourceQuality "1"]

1. e4 c6 2. d4 d5 3. Nc3 a6 4. Nge2 Nf6 5. Ng3 Bg4 6. f3 Bd7 7. Be3 e6 8. a3 Qb6 9. Qc1 Be7 10. e5 Ng8 11. Kf2 c5 12. Nce2 Nc6 13. c3 cxd4 14. Nxd4 Nxd4 15. Bxd4 Bc5 16. Ne2 Rc8 17. Qd2 Ne7 1/2-1/2

[Event "Vellmar op 9th"]
[Site "Vellmar"]
[Date "2017.07.15"]
[Round "4"]
[White "Loehnhardt, Benjamin"]
[Black "Weber, Andreas"]
[Result "1/2-1/2"]
[WhiteElo "2009"]
[BlackElo "1795"]
[PlyCount "70"]
[EventDate "2017.07.13"]
[EventType "swiss"]
[EventRounds "7"]
[EventCountry "GER"]
[SourceTitle "CBM 179 Extra"]
[Source "ChessBase"]
[SourceDate "2017.08.23"]
[SourceVersion "1"]
[SourceVersionDate "2017.08.23"]
[SourceQuality "1"]

1. Nf3 d5 2. d4 Nf6 3. c4 e6 4. Nc3 c5 5. e3 a6 6. Be2 dxc4 7. Bxc4 b5 8. Be2 c4 9. Ne5 Bb7 10. Bf3 Qb6 11. a4 b4 12. Nxc4 Qc7 13. Na2 Qxc4 14. Bxb7 Ra7 15. Bf3 Bd6 16. b3 Qc7 17. Bd2 Qe7 18. Rc1 0-0 19. 0-0 e5 20. dxe5 Qxe5 21. g3 a5 22. Rc2 Rd7 23. Qe2 h5 24. Bc1 h4 25. Bb2 Qg5 26. Nc1 hxg3 27. hxg3 Re7 28. Bd4 Nbd7 29. Nd3 Rfe8 30. Rfc1 Nf8 31. Bc5 Bxg3 32. fxg3 Rxe3 33. Bxe3 Rxe3 34. Qd1 Qxg3+ 35. Bg2 Rxd3 1/2-1/2

[Event "Milan Crespi op-A 34th"]
[Site "Milan"]
[Date "2013.12.03"]
[Round "4"]
[White "Iudicello, Giovanni"]
[Black "Loehnhardt, Benjamin"]
[Result "1/2-1/2"]
[WhiteElo "2134"]
[BlackElo "2029"]
[PlyCount "66"]
[EventDate "2013.11.30"]
[EventType "swiss"]
[EventRounds "9"]
[EventCountry "ITA"]
[SourceTitle "CBM 157 Extra"]
[Source "ChessBase"]
[SourceDate "2013.12.19"]
[SourceVersion "1"]
[SourceVersionDate "2013.12.19"]
[SourceQuality "1"]

1. Nf3 Nf6 2. g3 d5 3. Bg2 e6 4. d3 Be7 5. 0-0 b6 6. Nbd2 Bb7 7. e4 dxe4 8. Ng5 Nbd7 9. Ngxe4 Qc8 10. Qe2 0-0 11. Re1 Nc5 12. d4 Ncxe4 13. Nxe4 Nxe4 14. Bxe4 Bxe4 15. Qxe4 Bf6 16. c3 Qd7 17. Bf4 Rfd8 18. a4 c6 19. Be5 Bxe5 20. Qxe5 Rac8 21. h4 Qd5 22. a5 b5 23. b4 Rd7 24. Re3 Re8 25. Rae1 Qxe5 26. Rxe5 Rd5 27. R5e4 Red8 28. f4 g6 29. Kf2 a6 30. Re5 h5 31. Kf3 Kg7 32. R1e4 Kf8 33. Ke2 Ke7 1/2-1/2

[Event "Milan Crespi op-B 33rd"]
[Site "Milan"]
[Date "2012.12.06"]
[Round "7"]
[White "Lavorgna, Giovanni"]
[Black "Loehnhardt, Benjamin"]
[Result "1-0"]
[WhiteElo "2035"]
[BlackElo "2073"]
[PlyCount "49"]
[EventDate "2012.12.01"]
[EventType "swiss"]
[EventRounds "9"]
[EventCountry "ITA"]
[SourceTitle "EXT 2014"]
[Source "ChessBase"]
[SourceDate "2013.11.20"]
[SourceVersion "1"]
[SourceVersionDate "2013.11.20"]
[SourceQuality "1"]

1. e4 c5 2. Nf3 d6 3. Bb5+ Nd7 4. c3 Ngf6 5. Qe2 a6 6. Ba4 Qc7 7. 0-0 g6 8. d4 Bg7 9. e5 Nd5 10. e6 fxe6 11. Ng5 b5 12. Nxe6 Qc6 13. Nxg7+ Kf7 14. c4 bxa4 15. cxd5 Qxd5 16. Nc3 Qxd4 17. Ne6 Qf6 18. Ng5+ Kf8 19. Nd5 Qe5 20. Qf3+ Qf5 21. Nf4 Rb8 22. Qc6 h6 23. Nge6+ Kf7 24. Nc7 Bb7 25. Qxa4 1-0

[Event "Maastricht Limburg op-A 5th"]
[Site "Maastricht"]
[Date "2011.06.13"]
[Round "3"]
[White "Rietveld, Leo"]
[Black "Loehnhardt, Benjamin"]
[Result "1/2-1/2"]
[WhiteElo "2055"]
[BlackElo "2058"]
[PlyCount "69"]
[EventDate "2011.06.10"]
[EventType "swiss"]
[EventRounds "7"]
[EventCountry "NED"]
[SourceTitle "CBM 142 Extra"]
[Source "ChessBase"]
[SourceDate "2011.06.27"]
[SourceVersion "1"]
[SourceVersionDate "2011.06.27"]
[SourceQuality "1"]

1. d4 e6 2. Nc3 d5 3. e4 dxe4 4. f3 c5 5. d5 exd5 6. Qxd5 Qxd5 7. Nxd5 Bd6 8. Bg5 exf3 9. Nxf3 f6 10. Bh4 Ne7 11. Bc4 Nxd5 12. Bxd5 Kd7 13. 0-0-0 Kc7 14. Nd2 Bg4 15. Rde1 Nc6 16. Ne4 Bf4+ 17. Kb1 b6 18. Nxf6 gxf6 19. Re4 Be5 20. Rxg4 Rad8 21. Rg7+ Rd7 22. Rxd7+ Kxd7 23. c3 Ne7 24. Bf3 Ng6 25. Bf2 Ke7 26. Re1 Rd8 27. Kc2 Kf8 28. g3 Bc7 29. c4 Be5 30. Be3 Kg7 31. Bd5 Ne7 32. Be4 Ng6 33. Bd5 Ne7 34. Be4 Ng6 35. Bd5 1/2-1/2

[Event "Maastricht Limburg op-A 5th"]
[Site "Maastricht"]
[Date "2011.06.13"]
[Round "1"]
[White "Surewaard, Wilbert"]
[Black "Loehnhardt, Benjamin"]
[Result "1-0"]
[WhiteElo "2164"]
[BlackElo "2058"]
[PlyCount "63"]
[EventDate "2011.06.10"]
[EventType "swiss"]
[EventRounds "7"]
[EventCountry "NED"]
[SourceTitle "CBM 142 Extra"]
[Source "ChessBase"]
[SourceDate "2011.06.27"]
[SourceVersion "1"]
[SourceVersionDate "2011.06.27"]
[SourceQuality "1"]

1. d4 e6 2. Nf3 b6 3. g3 Bb7 4. Bg2 Nf6 5. 0-0 d5 6. c4 dxc4 7. Qa4+ Nbd7 8. Qxc4 c5 9. Nc3 Be7 10. dxc5 Nxc5 11. Rd1 Qc8 12. Bf4 a6 13. Rac1 0-0 14. Bd6 Bxd6 15. Rxd6 Qc7 16. Qf4 Rac8 17. Rcd1 Nce4 18. Nxe4 Nxe4 19. Rd7 Qxf4 20. gxf4 Nc5 21. R7d6 b5 22. Ne5 Bxg2 23. Kxg2 a5 24. Nc6 Ra8 25. Rc1 Ne4 26. Rd7 b4 27. Rc4 Nf6 28. Rb7 Nd5 29. Kf3 Ra6 30. e4 Nb6 31. Ne7+ Kh8 32. Rc6 1-0

[Event "Milan Crespi op-A 31st"]
[Site "Milan"]
[Date "2010.12.08"]
[Round "6"]
[White "Loehnhardt, Benjamin"]
[Black "Gagliardi, Christian"]
[Result "0-1"]
[WhiteElo "2042"]
[BlackElo "2188"]
[PlyCount "80"]
[EventDate "2010.12.04"]
[EventType "swiss"]
[EventRounds "9"]
[EventCountry "ITA"]
[SourceTitle "CBM 139 Extra"]
[Source "ChessBase"]
[SourceDate "2011.01.05"]
[SourceVersion "1"]
[SourceVersionDate "2011.01.05"]
[SourceQuality "1"]

1. e4 g6 2. d4 Bg7 3. Bc4 c6 4. Qf3 d5 5. exd5 Nf6 6. dxc6 Nxc6 7. c3 0-0 8. Qd1 e5 9. dxe5 Qxd1+ 10. Kxd1 Nxe5 11. Be2 Bf5 12. Nd2 Rad8 13. Ngf3 Neg4 14. Ke1 Rfe8 15. Nf1 Ne4 16. Be3 Nxc3 17. h3 Nxe3 18. fxe3 Nxe2 19. Kxe2 Bxb2 20. Re1 Bd3+ 21. Kf2 Rc8 22. Rd1 Rc2+ 23. Rd2 Rec8 24. Kg3 Ba6 25. Rd7 Rc1 26. Rd2 Ba3 27. Rf2 Bd6+ 28. Kg4 h5+ 29. Kh4 f6 30. Nd4 Be5 31. Nf3 Bd6 32. Nd4 Kf7 33. Nf3 Ke7 34. g4 hxg4 35. Kxg4 Bd3 36. Nd4 f5+ 37. Kg5 Kf7 38. h4 Rh8 39. h5 Be7+ 40. Kf4 g5+ 0-1

[Event "Milan Crespi op-A 30th"]
[Site "Milan"]
[Date "2009.12.12"]
[Round "9"]
[White "Nicolo, Filippo"]
[Black "Loehnhardt, Benjamin"]
[Result "1-0"]
[WhiteElo "2062"]
[BlackElo "2076"]
[PlyCount "43"]
[EventDate "2009.12.05"]
[EventType "swiss"]
[EventRounds "9"]
[EventCountry "ITA"]
[SourceTitle "EXT 2012"]
[Source "ChessBase"]
[SourceDate "2011.11.24"]
[SourceVersion "1"]
[SourceVersionDate "2011.11.24"]
[SourceQuality "1"]

1. e4 e6 2. d4 b6 3. Nf3 Bb7 4. Bd3 c5 5. c3 Nf6 6. Qe2 Be7 7. a3 Nc6 8. 0-0 Na5 9. Nbd2 c4 10. Bc2 Qc7 11. Re1 0-0 12. Rb1 Rac8 13. Nf1 h6 14. e5 Nd5 15. Bxh6 gxh6 16. Qe4 f5 17. exf6 Nxf6 18. Qg6+ Kh8 19. Qxh6+ Kg8 20. Qg6+ Kh8 21. Re5 Bxf3 22. Qh6+ 1-0

[Event "Milan Crespi op-A 30th"]
[Site "Milan"]
[Date "2009.12.07"]
[Round "4"]
[White "Loehnhardt, Benjamin"]
[Black "Bonazzi, Edoardo"]
[Result "0-1"]
[WhiteElo "2076"]
[BlackElo "2193"]
[PlyCount "62"]
[EventDate "2009.12.05"]
[EventType "swiss"]
[EventRounds "9"]
[EventCountry "ITA"]
[SourceTitle "EXT 2012"]
[Source "ChessBase"]
[SourceDate "2011.11.24"]
[SourceVersion "1"]
[SourceVersionDate "2011.11.24"]
[SourceQuality "1"]

1. e4 c6 2. d4 d5 3. Nc3 dxe4 4. Nxe4 Bf5 5. Nc5 b6 6. Nb3 e6 7. g3 Nf6 8. Bg2 a5 9. Bg5 a4 10. Nc1 a3 11. bxa3 Bxa3 12. Nge2 h6 13. Bxf6 Qxf6 14. Rb1 Ra6 15. Nd3 0-0 16. Ne5 c5 17. Bb7 Ra7 18. Rxb6 Bb4+ 19. c3 Ba5 20. Rb2 Bh3 21. Be4 Rd8 22. Rxb8 Rxb8 23. Nc6 Rb2 24. Qc1 Bxc3+ 25. Qxc3 Raxa2 26. Qxb2 Rxb2 27. Nf4 Bf5 28. Bf3 cxd4 29. 0-0 Rb1 30. Bd1 Be4 31. Nh5 Qg5 0-1

[Event "Milan Crespi op-A 30th"]
[Site "Milan"]
[Date "2009.12.06"]
[Round "3"]
[White "Pace, Pietro Dario"]
[Black "Loehnhardt, Benjamin"]
[Result "1-0"]
[WhiteElo "2204"]
[BlackElo "2076"]
[PlyCount "49"]
[EventDate "2009.12.05"]
[EventType "swiss"]
[EventRounds "9"]
[EventCountry "ITA"]
[SourceTitle "EXT 2012"]
[Source "ChessBase"]
[SourceDate "2011.11.24"]
[SourceVersion "1"]
[SourceVersionDate "2011.11.24"]
[SourceQuality "1"]

1. e4 e6 2. d4 b6 3. Nf3 Bb7 4. Bd3 c5 5. c3 Nf6 6. Qe2 Be7 7. 0-0 Nc6 8. a3 Na5 9. Nbd2 c4 10. Bc2 Qc7 11. Rb1 0-0 12. Ne1 Rac8 13. f4 Rfe8 14. g4 g6 15. e5 Nd5 16. Ne4 f5 17. Ng3 Rf8 18. gxf5 gxf5 19. Kf2 Kh8 20. Rg1 Rg8 21. Qh5 Rg4 22. Nxf5 Rxg1 23. Ng3 Kg7 24. Qxh7+ Kf8 25. Qh6+ 1-0

[Event "Milan Crespi op-A 30th"]
[Site "Milan"]
[Date "2009.12.05"]
[Round "1"]
[White "Gagliardi, Christian"]
[Black "Loehnhardt, Benjamin"]
[Result "1-0"]
[WhiteElo "2244"]
[BlackElo "2076"]
[PlyCount "121"]
[EventDate "2009.12.05"]
[EventType "swiss"]
[EventRounds "9"]
[EventCountry "ITA"]
[SourceTitle "EXT 2012"]
[Source "ChessBase"]
[SourceDate "2011.11.24"]
[SourceVersion "1"]
[SourceVersionDate "2011.11.24"]
[SourceQuality "1"]

1. e4 e6 2. d4 b6 3. Nc3 Bb7 4. Nf3 Bb4 5. Bd3 Nf6 6. Qe2 d5 7. e5 Ne4 8. Bd2 Nxd2 9. Qxd2 Ba6 10. a3 Bxc3 11. Qxc3 Bxd3 12. Qxd3 c5 13. dxc5 bxc5 14. 0-0 c4 15. Qc3 Nd7 16. Nd4 Qb6 17. Rad1 0-0 18. Rfe1 Nc5 19. b4 cxb3 20. cxb3 Ne4 21. Qb2 Rfc8 22. Rc1 Nc5 23. Red1 Qb7 24. h3 h6 25. Kh2 Rab8 26. b4 Nd7 27. f4 Rxc1 28. Rxc1 Rc8 29. b5 Nb6 30. Rxc8+ Nxc8 31. Qb4 Qc7 32. Nc6 g6 33. a4 Kg7 34. Qd4 h5 35. g4 hxg4 36. hxg4 a6 37. f5 axb5 38. axb5 Qb6 39. Qxb6 Nxb6 40. fxe6 fxe6 41. Nd8 Nc4 42. Nxe6+ Kh6 43. Kg3 g5 44. Nc7 Kg6 45. Nxd5 Kf7 46. b6 Nxe5 47. b7 Nd7 48. Nb6 Nb8 49. Kf3 Ke6 50. Ke4 Kd6 51. Kf5 Kc6 52. Nc4 Kxb7 53. Ne5 Kc7 54. Kxg5 Kd8 55. Kf6 Ke8 56. g5 Na6 57. g6 Kf8 58. Nd7+ Kg8 59. g7 Nc7 60. Kg6 Nd5 61. Nf6+ 1-0

[Event "Milan Crespi op-A 29th"]
[Site "Milan"]
[Date "2008.12.10"]
[Round "6"]
[White "Loehnhardt, Benjamin"]
[Black "Crippa, Gabriele"]
[Result "0-1"]
[WhiteElo "2113"]
[BlackElo "2080"]
[PlyCount "36"]
[EventDate "2008.12.06"]
[EventType "swiss"]
[EventRounds "9"]
[EventCountry "ITA"]
[SourceTitle "CBM 130 Extra"]
[Source "ChessBase"]
[SourceDate "2009.07.02"]
[SourceVersion "2"]
[SourceVersionDate "2009.07.15"]
[SourceQuality "1"]

1. e4 d6 2. d4 Nf6 3. Nc3 e5 4. Nf3 Nbd7 5. Bc4 Be7 6. Bxf7+ Kxf7 7. Ng5+ Kg8 8. Ne6 Qe8 9. Nxc7 Qg6 10. Nxa8 Qxg2 11. Rf1 exd4 12. Qxd4 Ne5 13. f4 Nfg4 14. Ne2 Nxh2 15. Qd5+ Nf7 16. Rf2 Bh4 17. Be3 Nf3+ 18. Kd1 Bxf2 0-1

[Event "Milan Crespi op-A 29th"]
[Site "Milan"]
[Date "2008.12.07"]
[Round "2"]
[White "Loehnhardt, Benjamin"]
[Black "Cazzaniga, Walter"]
[Result "1/2-1/2"]
[WhiteElo "2113"]
[BlackElo "2160"]
[PlyCount "94"]
[EventDate "2008.12.06"]
[EventType "swiss"]
[EventRounds "9"]
[EventCountry "ITA"]
[SourceTitle "CBM 130 Extra"]
[Source "ChessBase"]
[SourceDate "2009.07.02"]
[SourceVersion "2"]
[SourceVersionDate "2009.07.15"]
[SourceQuality "1"]

1. e4 e6 2. d4 d5 3. exd5 exd5 4. Bd3 Nc6 5. c3 Bd6 6. Ne2 Nge7 7. Qc2 Bg4 8. f3 Bh5 9. Bf4 Qd7 10. Nd2 0-0-0 11. 0-0-0 Rhe8 12. Rde1 Bg6 13. h4 Bxd3 14. Qxd3 Qf5 15. Qxf5+ Nxf5 16. Bxd6 Rxd6 17. Nf1 Rde6 18. Kd2 Kd7 19. b3 b5 20. g4 Ne3 21. Nxe3 Rxe3 22. Nf4 Rxf3 23. Rxe8 Kxe8 24. Nxd5 Kd7 25. a3 Kd6 26. Ne3 Rf2+ 27. Kd3 a5 28. Nf5+ Kd7 29. Nxg7 Rf3+ 30. Kd2 b4 31. axb4 axb4 32. cxb4 Nxd4 33. Nh5 Nxb3+ 34. Ke2 Nd4+ 35. Kd2 Kc6 36. Rc1+ Kb6 37. Rc4 Nc6 38. Ke2 Rh3 39. g5 Ne5 40. Rf4 Ng6 41. Rxf7 Rxh4 42. Nf6 h6 43. Nd5+ Kc6 44. Nxc7 hxg5 45. b5+ Kb6 46. Rf6+ Kxc7 47. Rxg6 Rb4 1/2-1/2

[Event "Karl Mala Memorial op 10th"]
[Site "Griesheim"]
[Date "2006.07.23"]
[Round "6"]
[White "Loehnhardt, Benjamin"]
[Black "Taeger, Torsten"]
[Result "1/2-1/2"]
[WhiteElo "2106"]
[BlackElo "2147"]
[PlyCount "48"]
[EventDate "2006.07.20"]
[EventType "swiss"]
[EventRounds "7"]
[EventCountry "GER"]
[SourceTitle "CBM 113 Extra"]
[Source "ChessBase"]
[SourceDate "2006.09.14"]
[SourceVersion "1"]
[SourceVersionDate "2006.09.14"]
[SourceQuality "1"]

1. e4 d6 2. Nf3 g6 3. d4 Nf6 4. Nc3 Bg7 5. Be2 0-0 6. 0-0 c6 7. a4 a5 8. h3 Na6 9. Be3 Qc7 10. Nd2 Bd7 11. f4 Nb4 12. Bf3 Rab8 13. Nc4 d5 14. Nd2 dxe4 15. Ndxe4 Nfd5 16. Nxd5 Nxd5 17. Qd2 Bf5 18. c3 b6 19. Nf2 Nxe3 20. Qxe3 b5 21. Nd3 bxa4 22. Be4 Be6 23. Nc5 Bc8 24. Rf2 Rd8 1/2-1/2

[Event "Karl Mala Memorial op 10th"]
[Site "Griesheim"]
[Date "2006.07.21"]
[Round "2"]
[White "Loehnhardt, Benjamin"]
[Black "Bittner, Peter"]
[Result "1-0"]
[WhiteElo "2106"]
[BlackElo "1969"]
[PlyCount "97"]
[EventDate "2006.07.20"]
[EventType "swiss"]
[EventRounds "7"]
[EventCountry "GER"]
[SourceTitle "CBM 113 Extra"]
[Source "ChessBase"]
[SourceDate "2006.09.14"]
[SourceVersion "1"]
[SourceVersionDate "2006.09.14"]
[SourceQuality "1"]

1. e4 e5 2. f4 Nc6 3. Nf3 d6 4. Bc4 Be7 5. 0-0 Nf6 6. Nc3 Bg4 7. d3 Nd4 8. Nd5 Bxf3 9. gxf3 b5 10. fxe5 dxe5 11. Nxf6+ Bxf6 12. Bb3 Nxb3 13. axb3 Bg5 14. Bxg5 Qxg5+ 15. Kh1 0-0 16. Qe1 f5 17. Qg3 Qxg3 18. hxg3 fxe4 19. dxe4 Rf6 20. Kg2 Kf7 21. Kf2 Ke7 22. Ke3 a6 23. Rh1 h6 24. Rhd1 Raf8 25. Rf1 Rd8 26. f4 exf4+ 27. gxf4 Kf7 28. Rf2 c5 29. c3 Rfd6 30. e5 Rc6 31. f5 c4 32. bxc4 bxc4 33. Ke4 Rd3 34. e6+ Kf8 35. Ra4 Ke7 36. Rg2 g5 37. Rb4 Rc7 38. Rh2 Kf6 39. Rxh6+ Kg7 40. Rg6+ Kh7 41. Rxg5 Rd1 42. Ke5 Kh6 43. Rg6+ Kh7 44. Kf6 Re1 45. Rg2 Rh1 46. Rb8 Rh6+ 47. Rg6 Rh5 48. Rf8 Rc5 49. Rg7+ 1-0

[Event "Wilhelm Werner Memorial-M 31st"]
[Site "Bockenem"]
[Date "2006.05.27"]
[Round "5"]
[White "Loehnhardt, Benjamin"]
[Black "Markgraf, Stefan"]
[Result "1-0"]
[WhiteElo "2021"]
[BlackElo "2050"]
[PlyCount "85"]
[EventDate "2006.05.??"]
[EventType "tourn"]
[EventRounds "7"]
[EventCountry "GER"]
[SourceTitle "EXT 2008"]
[Source "ChessBase"]
[SourceDate "2007.11.25"]
[SourceVersion "1"]
[SourceVersionDate "2007.11.25"]
[SourceQuality "1"]

1. e4 e5 2. f4 exf4 3. Nf3 d5 4. exd5 Qxd5 5. d4 Be7 6. Bd3 Qe6+ 7. Kf2 g5 8. Re1 Qf6 9. Nc3 h6 10. Ne5 Nc6 11. Ne4 Qg7 12. Bb5 Kf8 13. Bxc6 bxc6 14. Nxc6 Bf5 15. Qf3 Re8 16. Bd2 Qg6 17. Nxe7 Nxe7 18. Bb4 Kg7 19. Nc5 Qc6 20. c4 Qxf3+ 21. gxf3 h5 22. Nb3 Ng6 23. Bc3 Bd3 24. Na5 g4 25. Rad1 Bf5 26. Nc6 Nh4 27. d5+ f6 28. Nd4 Bd7 29. Bd2 Ng6 30. b3 Kh6 31. c5 Kg5 32. c6 Bc8 33. Nb5 Ne5 34. Nxc7 Nd3+ 35. Kf1 Nxe1 36. Bxe1 Re3 37. d6 Bf5 38. d7 Rxf3+ 39. Kg1 Bd3 40. Bc3 g3 41. Ne8 gxh2+ 42. Kxh2 Kg4 43. Rg1+ 1-0

[Event "Wilhelm Werner Memorial-M 31st"]
[Site "Bockenem"]
[Date "2006.05.27"]
[Round "6"]
[White "Loehnhardt, Benjamin"]
[Black "Wiege, Andre"]
[Result "0-1"]
[WhiteElo "2021"]
[BlackElo "2083"]
[PlyCount "68"]
[EventDate "2006.05.??"]
[EventType "tourn"]
[EventRounds "7"]
[EventCountry "GER"]
[SourceTitle "EXT 2008"]
[Source "ChessBase"]
[SourceDate "2007.11.25"]
[SourceVersion "1"]
[SourceVersionDate "2007.11.25"]
[SourceQuality "1"]

1. e4 e5 2. d4 exd4 3. c3 dxc3 4. Bc4 Nc6 5. Nxc3 Nf6 6. Nf3 d6 7. b4 Bg4 8. Qb3 Qd7 9. Bg5 Bxf3 10. gxf3 Ne5 11. Be2 Be7 12. Rc1 c6 13. Rd1 Qh3 14. Rg1 Nxf3+ 15. Bxf3 Qxf3 16. Rg3 Qh1+ 17. Ke2 Qxh2 18. Bxf6 Bxf6 19. Rxd6 Qh5+ 20. Rf3 0-0 21. Rdxf6 gxf6 22. Ke3 Rad8 23. Ne2 Qe5 24. Rf5 Qe6 25. Qc3 Rfe8 26. Ng3 Rd6 27. Rf4 Qe5 28. Qc4 b5 29. Qc5 Rd3+ 30. Kxd3 Qxf4 31. Qxa7 Rd8+ 32. Ke2 h5 33. Qb6 Rd2+ 34. Kf1 Qf3 0-1

[Event "Wilhelm Werner Memorial-M 31st"]
[Site "Bockenem"]
[Date "2006.05.25"]
[Round "3"]
[White "Loehnhardt, Benjamin"]
[Black "Kaiser, Gerhard"]
[Result "1-0"]
[WhiteElo "2021"]
[BlackElo "2040"]
[PlyCount "47"]
[EventDate "2006.05.??"]
[EventType "tourn"]
[EventRounds "7"]
[EventCountry "GER"]
[SourceTitle "EXT 2008"]
[Source "ChessBase"]
[SourceDate "2007.11.25"]
[SourceVersion "1"]
[SourceVersionDate "2007.11.25"]
[SourceQuality "1"]

1. e4 c5 2. Nf3 e6 3. d4 cxd4 4. Nxd4 a6 5. Bd3 Qc7 6. c4 Nf6 7. Nc3 Nc6 8. Nxc6 dxc6 9. f4 e5 10. Qf3 exf4 11. Bxf4 Bd6 12. Bxd6 Qxd6 13. h3 Be6 14. 0-0-0 0-0-0 15. Qe3 Qd4 16. Qg3 Nd7 17. Na4 Bxc4 18. Be2 Bd3 19. Rxd3 Qxa4 20. Bg4 Rhe8 21. Qd6 c5 22. Rhd1 Qc4+ 23. Rc3 Qxc3+ 24. bxc3 1-0

[Event "Wilhelm Werner Memorial-M 31st"]
[Site "Bockenem"]
[Date "2006.05.25"]
[Round "2"]
[White "Tonndorf, Matthias"]
[Black "Loehnhardt, Benjamin"]
[Result "0-1"]
[WhiteElo "2081"]
[BlackElo "2021"]
[PlyCount "98"]
[EventDate "2006.05.??"]
[EventType "tourn"]
[EventRounds "7"]
[EventCountry "GER"]
[SourceTitle "EXT 2008"]
[Source "ChessBase"]
[SourceDate "2007.11.25"]
[SourceVersion "1"]
[SourceVersionDate "2007.11.25"]
[SourceQuality "1"]

1. e4 e6 2. d4 b6 3. Bd3 Bb7 4. Nf3 c5 5. c4 cxd4 6. Nxd4 Nc6 7. Nxc6 dxc6 8. 0-0 Qc7 9. Nc3 Nf6 10. Qe2 e5 11. Be3 Nd7 12. Na4 Be7 13. a3 h6 14. Qg4 Bf6 15. Rfd1 Rd8 16. Rac1 Bc8 17. Qg3 Nf8 18. Nc3 Ng6 19. a4 h5 20. Bg5 Qe7 21. Bxf6 Qxf6 22. Bf1 0-0 23. Ne2 Bg4 24. f3 Be6 25. Rxd8 Rxd8 26. c5 Bb3 27. Qf2 Nf4 28. Nxf4 Qxf4 29. Re1 Qd2 30. cxb6 Qxf2+ 31. Kxf2 axb6 32. a5 bxa5 33. Ke3 Rd1 34. Rxd1 Bxd1 35. Bc4 Ba4 36. f4 exf4+ 37. Kxf4 Kf8 38. Be2 g6 39. Ke5 Ke7 40. Kd4 f6 41. Kc5 Bc2 42. Bf3 Ke6 43. Kxc6 Ke5 44. Kb5 a4 45. Kc4 h4 46. g3 Bxe4 47. Bxe4 Kxe4 48. Kb4 f5 49. Kxa4 g5 0-1